[Event "Tournament 14459 - Europe Echecs"]
[Site "Europe Echecs"]
[Date "2020.07.07"]
[Round "4"]
[Time "15:43:08"]
[PlyCount "108"]
[White "AngeleAndreas"]
[Black "BlouvacDaphne"]
[WhiteElo "799"]
[BlackElo "1130"]
[Mode "WEB"]
[Result "1-0"]

1. e4 e5 2. Nf3 Nc6 3. Bc4 h6 4. d3 Nf6 5. Be3 d6 6. h3 b6 7. Nc3 Bb7 8. a3 g6
9. O-O Bg7 10. Nd5 Nxd5 11. Bxd5 O-O 12. Bxc6 Bxc6 13. a4 d5 14. exd5 Bxd5 15.
c4 Bc6 16. b4 a5 17. b5 Bb7 18. d4 exd4 19. Bxd4 c6 20. Bxg7 Re8 21. Qxd8 Rexd8
22. Bf6 Rd6 23. Be5 Re6 24. Bc3 Re2 25. bxc6 Bxc6 26. Rfe1 Rc2 27. Rac1 Rb2 28.
Bxb2 b5 29. cxb5 Bd5 30. Rc2 Be6 31. Rec1 Bf5 32. Rc8+ Bxc8 33. Rxc8+ Rxc8 34.
Nd4 h5 35. Nc6 Rd8 36. Nxd8 Kf8 37. Nc6 g5 38. Nxa5 g4 39. hxg4 hxg4 40. Nc6 f6
41. a5 f5 42. a6 f4 43. a7 f3 44. gxf3 g3 45. fxg3 Ke8 46. a8=Q+ Kd7 47. Qb7+
Kd6 48. g4 Ke6 49. Nd4+ Kf6 50. Qc6+ Kg5 51. b6 Kf4 52. b7 Kg3 53. b8=Q+ Kh3 54.
Qh6# {BlouvacDaphne est échec et mat} 1-0

[Event "Tournament 14459 - Europe Echecs"]
[Site "Europe Echecs"]
[Date "2020.07.07"]
[Round "4"]
[Time "15:43:08"]
[PlyCount "82"]
[White "MenardEmma"]
[Black "DemirciNoe"]
[WhiteElo "1490"]
[BlackElo "1240"]
[Mode "WEB"]
[Result "1-0"]

1. d4 Nf6 2. Nf3 g6 3. g3 Bg7 4. Bg2 O-O 5. O-O d5 6. Nc3 c6 7. Bg5 Bg4 8. Ne5
Be6 9. e4 dxe4 10. Nxe4 Qd7 11. Nxd7 Nbxd7 12. Nxf6+ exf6 13. Bf4 g5 14. Bd6
Rfd8 15. Bb4 Bd5 16. Bxd5 cxd5 17. Qd3 a5 18. Bc5 Nxc5 19. dxc5 b5 20. Qxb5 Rab8
21. Qxa5 Rxb2 22. Qxd8+ Bf8 23. Qxd5 Bg7 24. Rfe1 f5 25. Re8+ Bf8 26. Qd8 Kg7
27. Rxf8 Rxc2 28. Rg8+ Kh6 29. Qf6+ Kh5 30. Qxf5 Rc4 31. Qxf7+ Kg4 32. Qxc4+ Kh5
33. Qf7+ Kg4 34. Qxh7 Kf3 35. Qf5+ Ke2 36. Re8+ Kd2 37. Qd5+ Kc2 38. Qc4+ Kb2
39. Rb8+ Kxa1 40. Qc3+ Kxa2 41. Qa5# {DemirciNoe est échec et mat} 1-0

[Event "Tournament 14459 - Europe Echecs"]
[Site "Europe Echecs"]
[Date "2020.07.07"]
[Round "4"]
[Time "15:43:08"]
[PlyCount "59"]
[White "BaudinMarkus"]
[Black "OgerEryn"]
[WhiteElo "799"]
[BlackElo "1460"]
[Mode "WEB"]
[Result "0-1"]

1. e4 e5 2. Bc4 Nf6 3. a4 g6 4. Ba2 Bg7 5. Qf3 Nc6 6. Qb3 O-O 7. d3 d6 8. Nc3
Be6 9. Qa3 Bg4 10. Bd2 Nd4 11. f3 Bh5 12. O-O-O a6 13. Kb1 b6 14. Nce2 Nc6 15.
Ka1 Re8 16. Nh3 Re7 17. g4 Bxg4 18. fxg4 Nxg4 19. Bg5 Bf6 20. Bxf6 Nxf6 21. b3
Ng4 22. Rhg1 Ne3 23. Qc1 Nxd1 24. Qxd1 Nb4 25. Nc3 c5 26. Ng5 Qd7 27. Qe1 Nxc2+
28. Kb2 Nxe1 29. Rxe1 Qg4 {BaudinMarkus a abandonné} 0-1

[Event "Tournament 14459 - Europe Echecs"]
[Site "Europe Echecs"]
[Date "2020.07.07"]
[Round "4"]
[Time "15:43:08"]
[PlyCount "77"]
[White "BernardLudovic"]
[Black "LemoalAssiya"]
[WhiteElo "799"]
[BlackElo "1040"]
[Mode "WEB"]
[Result "0-1"]

1. e4 e6 2. Nf3 Nc6 3. Nc3 Nf6 4. Bc4 Be7 5. d4 Bc5 6. dxc5 O-O 7. e5 Ne4 8.
Nxe4 Qe7 9. Nfg5 f6 10. exf6 gxf6 11. Qg4 d5 12. Bxd5 exd5 13. O-O Bxg4 14. h3
dxe4 15. hxg4 Qxc5 16. Nxe4 Qxc2 17. Bh6 Rfe8 18. Nxf6+ Kf7 19. Nxe8 Rxe8 20.
Bg5 Qe2 21. Rae1 Qxb2 22. Rb1 Qxa2 23. Rbe1 Rxe1 24. Rxe1 Qd2 25. Re7+ Nxe7 26.
Bxe7 Kxe7 27. f3 Qd1+ 28. Kf2 Qb1 29. f4 a5 30. g5 a4 31. Ke3 a3 32. Kd4 a2 33.
Ke5 a1=Q+ 34. Kd5 Qb5+ 35. Ke4 Qe1+ 36. Kf3 Qb3+ 37. Kg4 Qe2+ 38. Kf5 Qee6# {BernardLudovic est échec et mat} 0-1

[Event "Tournament 14459 - Europe Echecs"]
[Site "Europe Echecs"]
[Date "2020.07.07"]
[Round "4"]
[Time "15:43:08"]
[PlyCount "71"]
[White "BlanchardEmile"]
[Black "TaralloAurian"]
[WhiteElo "799"]
[BlackElo "1007"]
[Mode "WEB"]
[Result "0-1"]

1. e4 e5 2. Nf3 Nc6 3. Nc3 Bc5 4. Nxe5 Nxe5 5. d4 Nc6 6. dxc5 d6 7. Bf4 Nf6 8.
cxd6 cxd6 9. Bxd6 Bg4 10. Qc1 Qxd6 11. Be2 Nd4 12. Bxg4 Nxg4 13. f3 Nf6 14. Qd1
Rd8 15. g3 Nxf3+ 16. Qxf3 Qd2+ 17. Kf1 Qxc2 18. e5 Nd7 19. Qf2 Qd3+ 20. Qe2 Qf5+
21. Qf2 Qxe5 22. Qe2 O-O 23. Qxe5 Nxe5 24. Re1 Nd3 25. Rb1 h6 26. Ke2 Nc5 27.
Ke3 Rfe8+ 28. Kf3 Rd3+ 29. Kf2 Ree3 30. Kf1 Rf3+ 31. Ke1 Rfe3+ 32. Kf1 Rd2 33.
Nd1 Ree2 34. Nc3 Rf2+ 35. Ke1 Nd3# {BlanchardEmile est échec et mat} 0-1

[Event "Tournament 14459 - Europe Echecs"]
[Site "Europe Echecs"]
[Date "2020.07.07"]
[Round "4"]
[Time "15:43:08"]
[PlyCount "150"]
[White "CazacuSofia"]
[Black "BarrauArthur"]
[WhiteElo "799"]
[BlackElo "980"]
[Mode "WEB"]
[Result "1-0"]

1. e4 e5 2. d3 Nf6 3. Nc3 Nc6 4. Be2 Bc5 5. a3 d6 6. f3 d5 7. Kf1 dxe4 8. dxe4
Qxd1+ 9. Bxd1 O-O 10. Na4 Bd4 11. c3 Bxg1 12. Kxg1 b6 13. c4 Bb7 14. c5 bxc5 15.
b4 cxb4 16. axb4 Nxb4 17. Rb1 Nd3 18. Ba3 Rad8 19. h4 Rd7 20. Bc2 Nf4 21. g3
N4h5 22. f4 exf4 23. gxf4 Nxf4 24. Rf1 Rd2 25. Rf2 Rxf2 26. Kxf2 Rd8 27. Kf3
N4h5 28. Nc5 Bc6 29. Bb3 Rd2 30. Ke3 Re2+ 31. Kxe2 Ng4 32. Rg1 Nh2 33. Rg2 Nf3
34. Kxf3 Bxe4+ 35. Kxe4 Kf8 36. Kf5 Ke7 37. Kg5 Kd6 38. Kxh5 Ke5 39. Kg5 f6+ 40.
Kg4 f5+ 41. Kg5 h6+ 42. Kh5 f4 43. Rf2 g6+ 44. Kxg6 Kd4 45. Kxh6 Ke3 46. Rh2 f3
47. Rh1 f2 48. Kg5 Ke2 49. h5 f1=Q 50. Rxf1 Kxf1 51. h6 Ke2 52. h7 Ke3 53. h8=Q
Kf3 54. Qe8 Kf2 55. Qd8 Ke3 56. Qc8 Kd4 57. Qxc7 Ke3 58. Qxa7 Kd4 59. Qa5 Ke3
60. Bc1+ Kd4 61. Bb2+ Ke3 62. Bc1+ Kd4 63. Bb2+ Ke3 64. Kf5 Ke2 65. Bc1 Kf1 66.
Qa1 Ke2 67. Bd1+ Kf2 68. Bb2 Ke3 69. Qa3+ Kf2 70. Kg4 Ke1 71. Bd4 Kd2 72. Bc3+
Ke3 73. Qa4 Kf2 74. Be1+ Ke3 75. Qe4# {BarrauArthur est échec et mat} 1-0

[Event "Tournament 14459 - Europe Echecs"]
[Site "Europe Echecs"]
[Date "2020.07.07"]
[Round "4"]
[Time "15:43:08"]
[PlyCount "92"]
[White "BorremansPaul"]
[Black "FassiMaeliaAl"]
[WhiteElo "980"]
[BlackElo "799"]
[Mode "WEB"]
[Result "1-0"]

1. e4 e5 2. Nf3 Nf6 3. Nc3 Nc6 4. Bb5 Bc5 5. O-O Bb4 6. h3 O-O 7. a3 Qe8 8. axb4
Ne7 9. b3 d6 10. Bxe8 Rxe8 11. Nd5 Bd7 12. Nxf6+ gxf6 13. Nxe5 Kh8 14. Ng6+ Kg8
15. Nxe7+ Rxe7 16. Qg4+ Kh8 17. Qxd7 Rxd7 18. d3 Rdd8 19. Bg5 Rg8 20. Bxf6+ Rg7
21. Bxg7+ Kxg7 22. Rfe1 Kh8 23. e5 Re8 24. e6 Rxe6 25. Rxe6 fxe6 26. Rf1 e5 27.
f3 c5 28. f4 exf4 29. Rxf4 cxb4 30. g3 d5 31. g4 a5 32. g5 d4 33. Rg4 Kg8 34. g6
Kg7 35. gxh7+ Kf7 36. h8=Q Ke7 37. Qg8 Kd7 38. h4 Kc7 39. h5 b6 40. h6 Kc6 41.
h7 b5 42. h8=Q Kb6 43. Qh6+ Kc5 44. Qh5+ Kd6 45. Rg6+ Kc7 46. Qhh7# {FassiMaeliaAl est échec et mat} 1-0

[Event "Tournament 14459 - Europe Echecs"]
[Site "Europe Echecs"]
[Date "2020.07.07"]
[Round "4"]
[Time "15:43:08"]
[PlyCount "28"]
[White "GadoisArnaud"]
[Black "GervaisClement"]
[WhiteElo "950"]
[BlackElo "799"]
[Mode "WEB"]
[Result "1-0"]

1. e4 e5 2. Nf3 Nc6 3. Nc3 Bc5 4. Bc4 d5 5. exd5 Nb4 6. O-O Nf6 7. Re1 O-O 8.
Nxe5 Ng4 9. Nxg4 Re8 10. Rxe8+ Qxe8 11. d4 Bxg4 12. Qxg4 Bd6 13. Bh6 Kh8 14.
Qxg7# {GervaisClement est échec et mat} 1-0

[Event "Tournament 14459 - Europe Echecs"]
[Site "Europe Echecs"]
[Date "2020.07.07"]
[Round "4"]
[Time "15:43:08"]
[PlyCount "46"]
[White "WangYize"]
[Black "GrenouillatFel"]
[WhiteElo "920"]
[BlackElo "799"]
[Mode "WEB"]
[Result "1-0"]

1. e4 d6 2. d4 Qd7 3. Nf3 c6 4. Nc3 b6 5. Be3 b5 6. Bd3 Qe6 7. d5 Qe5 8. Nxe5
dxe5 9. dxc6 Nxc6 10. Bxb5 Bd7 11. Qd5 a5 12. Bxc6 Bxc6 13. Qxc6+ Kd8 14. Qxa8+
Kc7 15. Nb5+ Kd7 16. Qb7+ Ke6 17. Qd5+ Kf6 18. Bg5+ Kxg5 19. Qxe5+ Kg4 20. Qg3+
Kh5 21. Qh3+ Kg6 22. Qg4+ Kf6 23. Qf5# {GrenouillatFel est échec et mat} 1-0

[Event "Tournament 14459 - Europe Echecs"]
[Site "Europe Echecs"]
[Date "2020.07.07"]
[Round "4"]
[Time "15:43:08"]
[PlyCount "54"]
[White "FongaroLeon"]
[Black "BaloulYaksen"]
[WhiteElo "799"]
[BlackElo "799"]
[Mode "WEB"]
[Result "1-0"]

1. e4 d6 2. d4 e5 3. dxe5 dxe5 4. Qxd8+ Kxd8 5. Nc3 c6 6. Nf3 Na6 7. Bxa6 bxa6
8. Bg5+ f6 9. Bh4 g5 10. Bg3 Nh6 11. O-O Ng4 12. h3 Nxf2 13. Bxf2 Rg8 14. Rad1+
Ke8 15. Rd3 Rg6 16. b4 Rb8 17. Bc5 Rb5 18. Nxb5 cxb5 19. Bxf8 Kxf8 20. Rd8+ Kf7
21. Rxc8 Kg7 22. Rc7+ Kh6 23. Rd1 f5 24. exf5 Kh5 25. fxg6 Kxg6 26. Rd6+ Kh5 27.
g4# {BaloulYaksen est échec et mat} 1-0

[Event "Tournament 14459 - Europe Echecs"]
[Site "Europe Echecs"]
[Date "2020.07.07"]
[Round "5"]
[Time "16:14:47"]
[PlyCount "90"]
[White "BronnyGermain"]
[Black "BreuilVirgile"]
[WhiteElo "1354"]
[BlackElo "1622"]
[Mode "WEB"]
[Result "1-0"]

1. d4 d5 2. c4 c6 3. Nc3 Nf6 4. Nf3 e6 5. Bg5 Be7 6. e3 O-O 7. Be2 h6 8. Bf4 Bd6
9. Bg3 Bxg3 10. fxg3 dxc4 11. Bxc4 Nbd7 12. O-O Nb6 13. Bb3 Nbd5 14. e4 Nxc3 15.
bxc3 Nxe4 16. Qd3 Nf6 17. Ne5 Nd7 18. Bc2 f5 19. g4 Nxe5 20. dxe5 Qxd3 21. Bxd3
Bd7 22. Bc4 Kh8 23. Rad1 Rad8 24. Rd6 b5 25. Bb3 c5 26. Rfd1 c4 27. Bc2 Rf7 28.
gxf5 exf5 29. e6 Re7 30. Rxd7 Rexd7 31. Rxd7 Re8 32. e7 Kh7 33. Bxf5+ g6 34. Be6
Kg7 35. Rxa7 Kf6 36. Bd5 b4 37. Bc6 bxc3 38. Be4 Ke5 39. Bc2 g5 40. Kf2 Kd4 41.
Ke2 h5 42. g3 Rb8 43. Kd1 Ke3 44. Rd7 Re8 45. Bg6 {BreuilVirgile a abandonné} 1-0

[Event "Tournament 14459 - Europe Echecs"]
[Site "Europe Echecs"]
[Date "2020.07.07"]
[Round "5"]
[Time "16:14:47"]
[PlyCount "114"]
[White "KhouryTheo"]
[Black "QuenehenNassim"]
[WhiteElo "1465"]
[BlackElo "1322"]
[Mode "WEB"]
[Result "1-0"]

1. e4 e5 2. Nf3 Nf6 3. Nc3 Nc6 4. d4 exd4 5. Nxd4 Bb4 6. Nxc6 bxc6 7. Bd3 d6 8.
O-O h6 9. h3 O-O 10. Qf3 d5 11. exd5 cxd5 12. Bf4 Be6 13. a3 Bxc3 14. bxc3 c6
15. Rfe1 Qa5 16. Bxh6 Qd8 17. Bg5 d4 18. cxd4 Qxd4 19. Qxc6 Bd5 20. Qd6 Rad8 21.
Qg3 Nh5 22. Qe3 Qxe3 23. Rxe3 Rc8 24. g4 Nf6 25. Bxf6 gxf6 26. Re7 a5 27. Ra7
Ra8 28. Rxa8 Rxa8 29. Rb1 Rc8 30. Rb6 Kg7 31. Ra6 Rc5 32. Kf1 Bf3 33. Ke1 Bg2
34. h4 Bf3 35. Bf5 Re5+ 36. Kd2 Re2+ 37. Kd3 Rxf2 38. Ke3 Rf1 39. Bd3 Rh1 40.
Kxf3 Rxh4 41. Rxa5 Rh8 42. a4 Rc8 43. Ra7 Rc5 44. a5 Rc3 45. a6 Rc6 46. c4 Rc5
47. Ke4 Ra5 48. Kd4 Rg5 49. Bf5 Kh6 50. Rxf7 Rg8 51. a7 Rd8+ 52. Kc3 Ra8 53. Be4
Rg8 54. a8=Q Rxg4 55. Qh8+ Kg5 56. Qxf6+ Kh5 57. Rh7# {QuenehenNassim est échec et mat} 1-0

[Event "Tournament 14459 - Europe Echecs"]
[Site "Europe Echecs"]
[Date "2020.07.07"]
[Round "5"]
[Time "16:14:47"]
[PlyCount "156"]
[White "SamouelianSola"]
[Black "KouamNoe"]
[WhiteElo "1349"]
[BlackElo "1462"]
[Mode "WEB"]
[Result "1-0"]

1. e4 d6 2. d4 Nf6 3. Nc3 g6 4. Nf3 Bg7 5. Be2 O-O 6. Bg5 Nbd7 7. O-O c5 8. d5
a6 9. a4 Qb6 10. Bd2 Qc7 11. b3 Ng4 12. h3 Nge5 13. Nxe5 Nxe5 14. f4 Nd7 15. Bd3
b6 16. Rc1 Bb7 17. f5 Ne5 18. Ne2 c4 19. bxc4 Nxc4 20. fxg6 fxg6 21. Rxf8+ Rxf8
22. Bc3 Ne3 23. Qd2 Qc5 24. Bxg7 Kxg7 25. Qc3+ Qxc3 26. Nxc3 Rc8 27. Nd1 Nxd1
28. Rxd1 Rc5 29. c4 Kf6 30. Rb1 b5 31. axb5 axb5 32. Rxb5 Rc7 33. Kf2 Ba6 34.
Rb4 Ke5 35. Ke3 h5 36. Ra4 Bb7 37. Ra1 Bc8 38. Be2 e6 39. Kd3 exd5 40. cxd5 Re7
41. Rf1 Ba6+ 42. Ke3 Bxe2 43. Kxe2 Kxe4 44. Rd1 Kf4+ 45. Kf2 Re5 46. g3+ Kf5 47.
Kf3 g5 48. g4+ hxg4+ 49. hxg4+ Kf6 50. Rd4 Re1 51. Re4 Rxe4 52. Kxe4 Kg6 53. Kd3
Kf6 54. Kd4 Ke7 55. Kc4 Kf6 56. Kb5 Ke5 57. Kc6 Kf4 58. Kxd6 Kxg4 59. Kc6 Kf3
60. d6 g4 61. d7 g3 62. d8=Q g2 63. Qd1+ Kf2 64. Qd2+ Kf1 65. Qf4+ Ke1 66. Qg3+
Kf1 67. Qf3+ Kg1 68. Kd5 Kh2 69. Qh5+ Kg1 70. Ke4 Kf1 71. Qf3+ Kg1 72. Ke3 Kh2
73. Qh5+ Kg1 74. Kf3 Kf1 75. Qb5+ Kg1 76. Qg5 Kf1 77. Qxg2+ Ke1 78. Qe2# {KouamNoe est échec et mat} 1-0

[Event "Tournament 14459 - Europe Echecs"]
[Site "Europe Echecs"]
[Date "2020.07.07"]
[Round "5"]
[Time "16:14:47"]
[PlyCount "73"]
[White "LefrancoisJean"]
[Black "SabapatheeFlor"]
[WhiteElo "1038"]
[BlackElo "1444"]
[Mode "WEB"]
[Result "0-1"]

1. d4 Nf6 2. Nc3 d5 3. Bf4 Bf5 4. Nb5 Na6 5. e3 e6 6. Bd3 Bxd3 7. cxd3 Bb4+ 8.
Nc3 O-O 9. h3 Rc8 10. Nf3 c5 11. a3 cxd4 12. exd4 Bxc3+ 13. bxc3 Rxc3 14. O-O
Qe7 15. a4 Rfc8 16. Re1 Nb4 17. Re2 Nxd3 18. Bh2 Rc1 19. Re1 Rxd1 20. Rexd1 Nb2
21. Rdb1 Nc4 22. Ra2 Ne4 23. Rc1 Nb6 24. Rac2 Rxc2 25. Rxc2 h6 26. Rc7 Qb4 27.
Bf4 Qxa4 28. Rxb7 Qd1+ 29. Kh2 Nxf2 30. Rxa7 Qh1+ 31. Kg3 Ne4+ 32. Kg4 Qxg2+ 33.
Kh4 Qxf3 34. Rxf7 Kxf7 35. Bxh6 Qg3+ 36. Kh5 g6# {LefrancoisJean est échec et mat} 0-1

[Event "Tournament 14459 - Europe Echecs"]
[Site "Europe Echecs"]
[Date "2020.07.07"]
[Round "5"]
[Time "16:14:47"]
[PlyCount "63"]
[White "AlfanoEmilie"]
[Black "PonLeBrunGrego"]
[WhiteElo "1407"]
[BlackElo "1145"]
[Mode "WEB"]
[Result "0-1"]

1. e4 e5 2. Nf3 Nc6 3. Bc4 Nf6 4. d3 Bc5 5. c3 d6 6. a4 a6 7. O-O Be6 8. Bxe6
fxe6 9. Qb3 Qc8 10. Ng5 Nd8 11. Nd2 h6 12. Ngf3 O-O 13. d4 exd4 14. cxd4 Bb6 15.
Re1 Re8 16. Nc4 Ba7 17. Bf4 Nh5 18. Bd2 Nc6 19. d5 exd5 20. exd5 Rxe1+ 21. Rxe1
Nd4 22. Nxd4 Bxd4 23. Qf3 Nf6 24. Qf4 Bc5 25. Qf3 Qd7 26. Bxh6 Qxa4 27. Qg3 Nh5
28. Qg4 Re8 29. Rc1 Qc2 30. Rf1 Qxf2+ 31. Rxf2 Re1# {AlfanoEmilie est échec et mat} 0-1

[Event "Tournament 14459 - Europe Echecs"]
[Site "Europe Echecs"]
[Date "2020.07.07"]
[Round "5"]
[Time "16:14:47"]
[PlyCount "83"]
[White "NeyAlexandreYl"]
[Black "AymericElijah"]
[WhiteElo "1115"]
[BlackElo "1450"]
[Mode "WEB"]
[Result "0-1"]

1. e4 e5 2. Nf3 Nc6 3. Nc3 Nf6 4. d3 Bc5 5. Be3 Bxe3 6. fxe3 d6 7. Be2 O-O 8.
O-O d5 9. exd5 Nxd5 10. Nxd5 Qxd5 11. e4 Qd8 12. c4 Re8 13. a3 h6 14. h3 Nd4 15.
Nxd4 Qxd4+ 16. Kh1 Qxb2 17. Bh5 Be6 18. Rb1 Qxa3 19. Rxb7 Qe7 20. Rf3 Qg5 21.
Rf2 Qe7 22. Qf1 Rf8 23. Qd1 Rfb8 24. Rxb8+ Rxb8 25. d4 exd4 26. Qxd4 c5 27. Qe5
Rb1+ 28. Kh2 Qf8 29. Ra2 Bxc4 30. Rxa7 f6 31. Qc3 Qb8+ 32. Qg3 Rh1+ 33. Kxh1
Qxg3 34. Ra8+ Kh7 35. Bg4 Bf1 36. Bf5+ g6 37. Ra7+ Kg8 38. Be6+ Kf8 39. Rf7+ Ke8
40. Re7+ Kxe7 41. Bc4 Qxg2# {NeyAlexandreYl est échec et mat} 0-1

[Event "Tournament 14459 - Europe Echecs"]
[Site "Europe Echecs"]
[Date "2020.07.07"]
[Round "5"]
[Time "16:14:47"]
[PlyCount "54"]
[White "BornhofenValen"]
[Black "TureshbayevAno"]
[WhiteElo "1258"]
[BlackElo "799"]
[Mode "WEB"]
[Result "1-0"]

1. e4 e5 2. Nf3 Nc6 3. Nc3 Nf6 4. d4 exd4 5. Nxd4 Bb4 6. Nxc6 bxc6 7. Bd3 h6 8.
O-O O-O 9. h3 d5 10. exd5 cxd5 11. a3 Ba5 12. b4 Bb6 13. Na4 Be6 14. Nxb6 axb6
15. Bb2 c6 16. Qf3 Nd7 17. Rae1 Qg5 18. Re3 f5 19. Rxe6 f4 20. Rg6 Ne5 21. Bxe5
Qxe5 22. Qg4 c5 23. Rxh6 Kf7 24. Qg6+ Ke7 25. Rh7 Rf7 26. Rh5 Qd4 27. Re1+ {TureshbayevAno a abandonné} 1-0

[Event "Tournament 14459 - Europe Echecs"]
[Site "Europe Echecs"]
[Date "2020.07.07"]
[Round "5"]
[Time "16:14:47"]
[PlyCount "63"]
[White "BoulosPaul"]
[Black "SingaramSheyon"]
[WhiteElo "1705"]
[BlackElo "1209"]
[Mode "WEB"]
[Result "0-1"]

1. e4 e5 2. Nf3 Nc6 3. Nc3 Nf6 4. Bb5 Bc5 5. Nxe5 Nxe5 6. d4 Bd6 7. f4 Nc6 8. e5
O-O 9. O-O a6 10. Be2 Re8 11. exd6 cxd6 12. d5 Ne7 13. Bf3 b5 14. a3 Bb7 15. Qd3
Rc8 16. Re1 Nexd5 17. Rxe8+ Qxe8 18. Nxd5 Qe1+ 19. Qf1 Qxf1+ 20. Kxf1 Bxd5 21.
Bxd5 Nxd5 22. c3 Kf8 23. Kf2 Nb6 24. Be3 Nc4 25. Rd1 Nxb2 26. Rxd6 Rxc3 27. Rxa6
Nd1+ 28. Ke2 Nxe3 29. Ra5 Rb3 30. a4 bxa4 31. Rxa4 Nxg2 {BoulosPaul a abandonné} 0-1

[Event "Tournament 14459 - Europe Echecs"]
[Site "Europe Echecs"]
[Date "2020.07.07"]
[Round "5"]
[Time "16:14:47"]
[PlyCount "89"]
[White "VijaySoukreev"]
[Black "AuribaultLouis"]
[WhiteElo "1204"]
[BlackElo "1618"]
[Mode "WEB"]
[Result "1/2-1/2"]

1. d4 Nf6 2. Nf3 g6 3. Bf4 d6 4. e3 Bg7 5. Be2 O-O 6. c4 Nbd7 7. h3 Re8 8. Nc3
e5 9. dxe5 dxe5 10. Nxe5 Nxe5 11. Qxd8 Rxd8 12. Bxe5 c6 13. O-O Be6 14. Rfd1 Nh5
15. Bxg7 Nxg7 16. Ne4 Nf5 17. b3 Ne7 18. Rxd8+ Rxd8 19. Rd1 Rxd1+ 20. Bxd1 f5
21. Nc5 Bc8 22. Nd3 b6 23. Bf3 c5 24. Nf4 Bd7 25. Nd5 Nxd5 26. Bxd5+ Kg7 27. Kf1
Kf6 28. Ke2 Ke5 29. f4+ Kf6 30. Kf3 b5 31. e4 fxe4+ 32. Kxe4 b4 33. g4 h5 34.
g5+ Ke7 35. h4 Bf5+ 36. Ke3 Bb1 37. Kd2 Bf5 38. Ke3 a5 39. Kd2 Bg4 40. Be4 Kf7
41. Ke3 Bf5 42. Bxf5 gxf5 43. Kd3 Ke6 44. Ke3 Kf7 {Nulle par accord mutuel} 1/2-1/2

[Event "Tournament 14459 - Europe Echecs"]
[Site "Europe Echecs"]
[Date "2020.07.07"]
[Round "5"]
[Time "16:14:47"]
[PlyCount "56"]
[White "BonelliMaestra"]
[Black "HeemAlice"]
[WhiteElo "1545"]
[BlackElo "1203"]
[Mode "WEB"]
[Result "1-0"]

1. e4 c5 2. c3 d6 3. d4 cxd4 4. cxd4 Nf6 5. Nc3 g6 6. Nf3 Bg7 7. Be3 O-O 8. Bc4
Bg4 9. h3 Bd7 10. Rc1 Bc6 11. Bd3 Qa5 12. a3 Nxe4 13. O-O Nxc3 14. Rxc3 Nd7 15.
b4 Qd8 16. Re1 a5 17. b5 Bxf3 18. Qxf3 Nc5 19. Be4 Rb8 20. Rc2 Nxe4 21. Qxe4 Re8
22. Rec1 Qd7 23. a4 e5 24. d5 Rbd8 25. Rc7 Qf5 26. Qxf5 g5 27. Qxf7+ Kh8 28.
Qxg7# {HeemAlice est échec et mat} 1-0

[Event "Tournament 14459 - Europe Echecs"]
[Site "Europe Echecs"]
[Date "2020.07.07"]
[Round "5"]
[Time "16:14:47"]
[PlyCount "83"]
[White "AboulasseSaad"]
[Black "LetellierLouis"]
[WhiteElo "1448"]
[BlackElo "1203"]
[Mode "WEB"]
[Result "0-1"]

1. d4 d5 2. c4 Nf6 3. cxd5 Nxd5 4. e4 Nf6 5. Nc3 Nc6 6. Nf3 Bg4 7. Be3 e5 8. d5
Ne7 9. Bb5+ c6 10. dxc6 Nxc6 11. Qxd8+ Rxd8 12. Nxe5 Bd7 13. Bc4 Nxe5 14. Be2 b6
15. f4 Nc6 16. O-O Bb4 17. Nd5 Nxe4 18. Nc7+ Ke7 19. Nd5+ Ke8 20. Bb5 Bc5 21.
Nc7+ Kf8 22. Bxc5+ Nxc5 23. Bxc6 Bxc6 24. Rac1 Rd7 25. b4 Rxc7 26. bxc5 bxc5 27.
Rxc5 Ke7 28. Rfc1 Kd7 29. Rd1+ Kc8 30. Rdc1 Kb7 31. Rb1+ Ka6 32. Rbc1 Kb6 33. a4
a5 34. Rb1+ Kxc5 35. Rc1+ Kd6 36. Rd1+ Ke6 37. Re1+ Kf6 38. g4 g6 39. g5+ Kg7
40. Re5 Bxa4 41. Rxa5 Rc4 {AboulasseSaad a abandonné} 0-1

[Event "Tournament 14459 - Europe Echecs"]
[Site "Europe Echecs"]
[Date "2020.07.07"]
[Round "5"]
[Time "16:14:47"]
[PlyCount "77"]
[White "DeGouyEdgar"]
[Black "NegreEmilie"]
[WhiteElo "1155"]
[BlackElo "1438"]
[Mode "WEB"]
[Result "0-1"]

1. d4 Nf6 2. Bf4 e6 3. Nf3 d5 4. e3 Bd6 5. Bg3 b6 6. Nbd2 Ba6 7. c4 O-O 8. Bd3
dxc4 9. Nxc4 Bb4+ 10. Nfd2 Bxc4 11. Bxc4 Ne4 12. a3 Nxd2 13. axb4 Nxc4 14. O-O
Nd6 15. Rc1 Qd7 16. Qc2 Na6 17. Bxd6 cxd6 18. Qb3 Rac8 19. b5 Nc7 20. Qa4 Qxb5
21. Qxa7 Nd5 22. Qb7 Rb8 23. Qa7 Ra8 24. Qb7 Rfb8 25. Qc6 Qxc6 26. Rxc6 Rc8 27.
Rxd6 Rab8 28. e4 Nf6 29. e5 Ne4 30. Rd7 Rd8 31. Rxd8+ Rxd8 32. Rd1 h6 33. h4 Nc5
34. b4 Nb3 35. Rb1 Nxd4 36. Rd1 Ne2+ 37. Kf1 Rxd1+ 38. Kxe2 Rb1 {DeGouyEdgar a abandonné} 0-1

[Event "Tournament 14459 - Europe Echecs"]
[Site "Europe Echecs"]
[Date "2020.07.07"]
[Round "5"]
[Time "16:14:47"]
[PlyCount "54"]
[White "BarbaggiSasha"]
[Black "VossZachary"]
[WhiteElo "1375"]
[BlackElo "1196"]
[Mode "WEB"]
[Result "1-0"]

1. e4 c5 2. Nf3 Nc6 3. Bb5 g6 4. c3 d6 5. Bxc6+ bxc6 6. Qe2 Bg7 7. O-O e6 8. d3
Ne7 9. Bg5 O-O 10. e5 d5 11. d4 cxd4 12. Nxd4 c5 13. Nc6 Nxc6 14. Bxd8 Nxd8 15.
Nd2 Nc6 16. c4 Nxe5 17. cxd5 exd5 18. Nf3 Nxf3+ 19. Qxf3 Bb7 20. Qb3 Rab8 21.
Qa3 Ra8 22. Qxc5 Rfc8 23. Qb4 Rab8 24. Rac1 Rxc1 25. Rxc1 d4 26. Rc7 Bf8 27. Qb3 {VossZachary a abandonné} 1-0

[Event "Tournament 14459 - Europe Echecs"]
[Site "Europe Echecs"]
[Date "2020.07.07"]
[Round "5"]
[Time "16:14:47"]
[PlyCount "55"]
[White "SpagnoloLouis"]
[Black "YastrebovAndre"]
[WhiteElo "1141"]
[BlackElo "1370"]
[Mode "WEB"]
[Result "0-1"]

1. e4 c5 2. Nf3 d6 3. d4 cxd4 4. Nxd4 Nf6 5. Nc3 g6 6. Bd3 Bg7 7. Bf4 e5 8. Bb5+
Bd7 9. Bxd7+ Qxd7 10. Bg5 exd4 11. Qxd4 Nc6 12. Qd1 O-O 13. Bxf6 Bxf6 14. Nd5
Bxb2 15. Rc1 Bg7 16. Qf3 Rfe8 17. O-O Re6 18. Rcd1 Ne7 19. Nf4 Rf6 20. e5 Rf5
21. Rxd6 Qc7 22. g4 Rxe5 23. Rdd1 Qc6 24. Qb3 Re4 25. Ng2 Rxg4 26. f3 Rg5 27. f4
Qxg2# {SpagnoloLouis est échec et mat} 0-1

[Event "Tournament 14459 - Europe Echecs"]
[Site "Europe Echecs"]
[Date "2020.07.07"]
[Round "5"]
[Time "16:14:47"]
[PlyCount "65"]
[White "SayahHobonNoah"]
[Black "FischlerInes"]
[WhiteElo "1364"]
[BlackElo "1129"]
[Mode "WEB"]
[Result "0-1"]

1. e4 e5 2. Nf3 Nc6 3. Bc4 Bc5 4. c3 d6 5. d4 exd4 6. cxd4 Bb4+ 7. Nc3 Nf6 8.
Qc2 Bg4 9. Ng5 O-O 10. h3 Bh5 11. d5 Ne7 12. a3 Bxc3+ 13. Qxc3 h6 14. Nf3 Nxe4
15. Qd4 Nf6 16. Bxh6 Ng6 17. Bg5 Bxf3 18. gxf3 Re8+ 19. Kf1 Qe7 20. Bxf6 Qxf6
21. Qxf6 gxf6 22. Rg1 Re7 23. h4 Kh7 24. Bd3 Kh6 25. Rg4 Ne5 26. Rd4 Nxf3 27.
Rf4 Ne5 28. Rxf6+ Kg7 29. Rf5 Nxd3 30. Rd1 Nxb2 31. Rb1 Nc4 32. Rb3 Nd2+ {SayahHobonNoah a abandonné} 0-1

[Event "Tournament 14459 - Europe Echecs"]
[Site "Europe Echecs"]
[Date "2020.07.07"]
[Round "5"]
[Time "16:14:47"]
[PlyCount "50"]
[White "GalimovIskanda"]
[Black "BourloisMael"]
[WhiteElo "1358"]
[BlackElo "1113"]
[Mode "WEB"]
[Result "1-0"]

1. e4 e5 2. Nf3 Nc6 3. d4 exd4 4. c3 dxc3 5. Nxc3 Nf6 6. Bc4 Na5 7. Bb3 Nxb3 8.
Qxb3 c6 9. e5 Ng4 10. h3 Nh6 11. Bxh6 gxh6 12. O-O d5 13. exd6 Bxd6 14. Rfe1+
Be6 15. Qxb7 Be7 16. Qxc6+ Bd7 17. Qe4 f5 18. Qe5 Rg8 19. Nd5 f4 20. Nxe7 Kf7
21. Nxg8 Qxg8 22. Qxf4+ Kg7 23. Re7+ Kh8 24. Qf6+ Qg7 25. Qxg7# {BourloisMael est échec et mat} 1-0